Experimental plant physiology: experiments in cellular and plant physiology (Record no. 23409)

MARC details
000 -LEADER
fixed length control field 00566nam a22002057a 4500
082 ## - DEWEY DECIMAL CLASSIFICATION NUMBER
Classification number 581.1
Item number ARD
100 ## - MAIN ENTRY--AUTHOR NAME
Personal name ARDITTI, Joseph
245 #0 - TITLE STATEMENT
Title Experimental plant physiology: experiments in cellular and plant physiology
260 ## - PUBLICATION, DISTRIBUTION, ETC. (IMPRINT)
Place of publication New York
Name of publisher Holt Reinhart
Year of publication 1969
650 ## - SUBJECT ADDED ENTRY--TOPICAL TERM
Topical Term Anthocyanin pigment
650 ## - SUBJECT ADDED ENTRY--TOPICAL TERM
Topical Term Cellular physiology
650 ## - SUBJECT ADDED ENTRY--TOPICAL TERM
Topical Term Enzymatic biosynthesis
650 ## - SUBJECT ADDED ENTRY--TOPICAL TERM
Topical Term Ion transport
650 ## - SUBJECT ADDED ENTRY--TOPICAL TERM
Topical Term Photosynthesis
650 ## - SUBJECT ADDED ENTRY--TOPICAL TERM
Topical Term Plant hormone
650 ## - SUBJECT ADDED ENTRY--TOPICAL TERM
Topical Term Plant physiology
700 ## - ADDED ENTRY--PERSONAL NAME
Personal name DUNN, Arnold
942 ## - ADDED ENTRY ELEMENTS (KOHA)
Koha item type Books
Holdings
Withdrawn status Lost status Damaged status Not for loan Home library Current library Date acquired Full call number Accession Number Koha item type
        RRII Library RRII Library 16/12/2021 581.1 ARD 04107 Books